| 000 | 01049nam a2200241 4500 | ||
|---|---|---|---|
| 001 | 160445 | ||
| 003 | ES-MaACL | ||
| 005 | 20230906212034.0 | ||
| 008 | 011220q18601890sp a |||| | spa d | ||
| 040 |
_aCAM _bspa _cCAM |
||
| 245 | 0 | 0 |
_aMuseo epigramático ó _bColección de los más festivos epigramas y otras composiciones análogas : escogidas de nuestros poetas antiguos y modernos / _cpor Amancio Peratoner. |
| 246 | 3 | 0 | _aColección de los más festivos epigramas y otras composiciones análogas : escogidas de nuestros poetas antiguos y modernos |
| 250 | _a4ª ed. corr. y aum. | ||
| 260 |
_aBarcelona : _bEspasa Hermanos, _c[s.a.] |
||
| 300 |
_a816 p. : _bil., grab. ; _c24 cm. |
||
| 490 | 1 | _aBiblioteca ilustrada de Espasa Hermanos | |
| 596 | _aProbablemente imp. en la segunda mitad del siglo XIX. | ||
| 650 | 4 |
_aEpigramas españoles. _9143603 |
|
| 700 | 1 |
_aPeratoner, Amancio. _990399 |
|
| 830 | 0 |
_aBiblioteca ilustrada de Espasa Hermanos _9222046 |
|
| 852 |
_aES-MaACL _jC-2615 _z. - Enc. hol. grab. |
||
| 999 |
_c160445 _d160445 |
||